[Event "Vladimir Petrov Mem 2016"]
[Site "Jurmala LAT"]
[Date "2016.03.06"]
[Round "10.4"]
[White "Vitiugov,N"]
[Black "Malakhov,V"]
[Result "1-0"]
[WhiteElo "2721"]
[BlackElo "2691"]

1.d4 d5 2.c4 c6 3.Nf3 Nf6 4.Nc3 a6 5.e3 Bf5 6.Bd2 e6 7.Qb3 Qc7 8.Rc1 Bd6
9.Nh4 Be4 10.f3 Bg6 11.g3 Nbd7 12.Kf2 dxc4 13.Bxc4 b5 14.Bxe6 fxe6 15.Nxg6 hxg6
16.Qxe6+ Kf8 17.Ne4 Nxe4+ 18.Qxe4 Rc8 19.Qxg6 Nf6 20.e4 Qd7 21.Be3 Be7 22.h4 Qe8
23.Qxe8+ Kxe8 24.d5 Kd7 25.dxc6+ Rxc6 26.Rhd1+ Kc7 27.Bf4+ Kb6 28.e5 Nh5
29.Be3+ Kc7 30.Rxc6+ Kxc6 31.f4 g6 32.Kf3 Ng7 33.Ke4 a5 34.Rc1+ Kd7 35.Bb6 Nf5
36.Kd5 Bd8 37.e6+ Ke7 38.Rc8 Nxg3 39.Bc5+ Ke8 40.e7 Kd7 41.Rxd8+ Rxd8 42.exd8=Q+ Kxd8
43.Ke6 Nh5 44.Bd6 Ke8 45.Be5 Ng3 46.Kf6 Nf5 47.h5  1-0

[Event "Vladimir Petrov Mem 2016"]
[Site "Jurmala LAT"]
[Date "2016.03.06"]
[Round "11.10"]
[White "Malakhov,V"]
[Black "Ulibin,M"]
[Result "1/2-1/2"]
[WhiteElo "2691"]
[BlackElo "2521"]

1.Nf3 d5 2.g3 g6 3.c4 d4 4.Bg2 Bg7 5.O-O e5 6.d3 Ne7 7.b4 O-O 8.Nbd2 a5 9.b5 c5
10.bxc6 Nexc6 11.Ba3 Nb4 12.Ne1 Re8 13.Nc2 Bf8 14.Bb2 N8a6 15.Ne4 f5 16.Nd2 Nc5
17.Na3 Bd7 18.Nb5 Bc6 19.Nf3 Qd7 20.a3 Nba6 21.e3 dxe3 22.Nxe5 Rxe5 23.Bxe5 Bxg2
24.Kxg2 Nxd3 25.Bc3 Qc6+ 26.Qf3 e2 27.Rfb1 Re8 28.Qd5+ Qxd5+ 29.cxd5 Bg7
30.Bxg7 Kxg7 31.Re1 Nac5 32.Nc7 Re4 33.d6 Kf7 34.f3 Re5 35.f4 Re4 36.Kf3 Nxe1+
37.Rxe1 Rd4 38.Nb5 Rd2 39.Rxe2 Rxe2 40.Kxe2 Ke6 41.Ke3 Ne4 42.Kd4 b6 43.a4 Nxd6
44.Nc7+ Kd7 45.Nd5 Kc6 46.Nf6 h6 47.Ng8 Kd7 48.Nxh6 Ke6 49.g4 b5 50.axb5 Nxb5+
51.Kc5 Nc3 52.Kc4 Ne2 53.gxf5+ gxf5 54.Nxf5 Kxf5 55.Kb5  1/2-1/2

[Event "Vladimir Petrov Mem 2016"]
[Site "Jurmala LAT"]
[Date "2016.03.06"]
[Round "12.9"]
[White "Krivonosov,O"]
[Black "Malakhov,V"]
[Result "0-1"]
[WhiteElo "2462"]
[BlackElo "2691"]

1.Nf3 g6 2.d4 Bg7 3.c4 d6 4.Nc3 Bg4 5.g3 Bxf3 6.exf3 Nc6 7.d5 Ne5 8.Be2 Nf6
9.O-O O-O 10.Be3 c6 11.Qd2 a6 12.Rac1 Rc8 13.b3 cxd5 14.Nxd5 Nxd5 15.Qxd5 Nc6
16.Rfd1 Qc7 17.f4 Rfd8 18.Bf3 e6 19.Qd2 Ne7 20.Be4 Rd7 21.Qb4 Qb8 22.Qb6 h5
23.Rc2 d5 24.cxd5 Rxc2 25.Bxc2 Nxd5 26.Qa5 Qc8 27.Qd2 Rc7 28.Bd3 b5 29.a4 Nc3
30.Rc1 Rd7 31.Qc2 Qc6 32.axb5 axb5 33.Bf1 b4 34.Re1 Bd4 35.Qc1 Qc5 36.Bxd4 Qxd4
37.Qe3 Qd2 38.Qxd2 Rxd2 39.Bc4 Kf8 40.Re5 Ke7 41.Kg2 Kd6 42.h3 Ra2 43.Kf3 Rc2
44.g4 hxg4+ 45.hxg4 Nd5 46.Kg3 Rc3+ 47.f3 Nb6 48.Rb5 Nxc4 49.bxc4 Rxc4 50.Rb7 Kc6
51.Rb8 Kc7 52.Rb5 f5 53.Kh4 Rxf4 54.Kg5 Rxf3 55.Kxg6 fxg4 56.Rxb4 g3 57.Kg5 e5
58.Rb1 Kd6 59.Kg4 e4 60.Kh3 Ke5 61.Kg2 Ra3 62.Rb8 Rd3 63.Re8+ Kd4 64.Rd8+ Ke3
65.Ra8 Kd4 66.Rd8+ Kc3 67.Re8 Re3 68.Ra8 Kd2 69.Ra2+ Kc1 70.Ra1+ Kb2 71.Ra8 Kc3
72.Ra3+ Kd4 73.Ra4+ Ke5 74.Ra8 Rb3 75.Re8+ Kd4 76.Rd8+ Ke3 77.Kxg3 Rb7 78.Re8 Rg7+
79.Kh2 Kf3 80.Rf8+ Ke2 81.Ra8 e3 82.Re8 Kf2 83.Rf8+ Ke1 84.Ra8 e2 85.Ra6 Rg5
86.Ra8 Kf2 87.Rf8+ Ke3 88.Re8+ Kf3 89.Re7 Rg4  0-1

[Event "St.Petersburg Rapid 2016"]
[Site "St Petersburg RUS"]
[Date "2016.08.27"]
[Round "1.3"]
[White "Malakhov,V"]
[Black "Baranov,An"]
[Result "1-0"]
[WhiteElo "2697"]
[BlackElo "2121"]

1.e4 c6 2.d4 d5 3.e5 Bf5 4.Nf3 e6 5.Be2 Ne7 6.Nbd2 c5 7.dxc5 Nec6 8.Nb3 Nd7
9.Be3 Ndxe5 10.Nxe5 Nxe5 11.Bb5+ Nd7 12.O-O Rc8 13.Nd4 Bxc5 14.Nxf5 exf5
15.Qxd5 Bxe3 16.Rad1 O-O 17.Bxd7 Rxc2 18.fxe3 Rxb2 19.Bxf5 Qe7 20.e4 b5 21.e5 b4
22.e6  1-0

[Event "St.Petersburg Rapid 2016"]
[Site "St Petersburg RUS"]
[Date "2016.08.27"]
[Round "2.2"]
[White "Drozdova,D"]
[Black "Malakhov,V"]
[Result "0-1"]
[WhiteElo "2242"]
[BlackElo "2697"]

1.d4 g6 2.e4 Bg7 3.f3 d5 4.exd5 Qxd5 5.c3 Nf6 6.Nd2 O-O 7.Bc4 Qd8 8.Ne2 Nc6
9.O-O e5 10.Nb3 a6 11.Bg5 exd4 12.Nexd4 Ne5 13.Be2 Qd5 14.Qc1 c5 15.Nc2 b6
16.Qf4 Qe6 17.Rfe1 Bb7 18.Rad1 Nd5 19.Qc1 Qf5 20.Ne3 Nxe3 21.Bxe3 Rfd8 22.Rxd8+ Rxd8
23.Rd1 Re8 24.Qd2 h5 25.Bf2 g5 26.Qd6 g4 27.f4 Ng6 28.Bd3 Be4 29.Bxe4 Rxe4
30.Qxb6 Nxf4 31.Qxc5 Re5 32.Qb6 Qe4  0-1

[Event "St.Petersburg Rapid 2016"]
[Site "St Petersburg RUS"]
[Date "2016.08.27"]
[Round "3.1"]
[White "Malakhov,V"]
[Black "Novik,Ma"]
[Result "1-0"]
[WhiteElo "2697"]
[BlackElo "2480"]

1.e4 c6 2.d4 d5 3.e5 Bf5 4.Nf3 e6 5.Be2 Ne7 6.Nbd2 Nd7 7.Nb3 Ng6 8.O-O f6
9.exf6 Qxf6 10.Na5 Rb8 11.Bg5 Qf7 12.Nh4 Bd6 13.Nxf5 exf5 14.Bd2 O-O 15.c4 Nf6
16.cxd5 cxd5 17.Qb3 Kh8 18.Rac1 Ne4 19.Bb4 Nf4 20.Rc2 Nxe2+ 21.Rxe2 Bxh2+
22.Kxh2 Qh5+ 23.Kg1 Qxe2 24.Qxd5 Rf6 25.Nc4 Qh5 26.Ne5 Ng5 27.Be7 Rg8 28.Rc1 Rh6
29.Rf1 Rb8 30.f3  1-0

[Event "St.Petersburg Rapid 2016"]
[Site "St Petersburg RUS"]
[Date "2016.08.27"]
[Round "4.1"]
[White "Romanov,E"]
[Black "Malakhov,V"]
[Result "1/2-1/2"]
[WhiteElo "2619"]
[BlackElo "2697"]

1.d4 d5 2.Nf3 Nf6 3.Bf4 c6 4.e3 Bf5 5.c4 Bxb1 6.Qxb1 e6 7.Bd3 Bb4+ 8.Ke2 Bd6
9.Bg3 Bxg3 10.hxg3 Nbd7 11.b4 h6 12.a4 O-O 13.cxd5 cxd5 14.a5 Qe7 15.Qb2 Rfc8
16.Rhc1 Qd8 17.Ne5 Rxc1 18.Rxc1 Rc8 19.a6 Rxc1 20.Qxc1 bxa6 21.Bxa6 Nxe5
22.dxe5 Ng4 23.Qc3 Qb8 24.f4 g6 25.Qc5 Kg7 26.Bc8 h5 27.Ba6 Nh6 28.Bd3 Qb7
29.b5 Ng4 30.Kd2 Nf2 31.Ke2 Ng4 32.Kd2 Qd7 33.Ke2 Nh6 34.Kd2 Ng8 35.Kc3 Qb7
36.Kb4 Qb6 37.Qxb6 axb6 38.Kc3 Nh6 39.e4 dxe4 40.Bxe4 Ng4 41.Kd4 f6 42.Bf3 fxe5+
43.fxe5 Nh6 44.Ke4 Nf7 45.Be2 Kf8 46.Kf4 Ke7 47.Bd3 g5+ 48.Ke4 Nh6 49.Be2 Nf5
50.g4 Ng3+ 51.Kf3 Nxe2 52.Kxe2 h4  1/2-1/2

[Event "St.Petersburg Rapid 2016"]
[Site "St Petersburg RUS"]
[Date "2016.08.27"]
[Round "5.2"]
[White "Malakhov,V"]
[Black "Sharafiev,A"]
[Result "1-0"]
[WhiteElo "2697"]
[BlackElo "2422"]

1.Nf3 c5 2.e4 e6 3.d4 cxd4 4.Nxd4 Nc6 5.Nc3 Nf6 6.Ndb5 Bb4 7.a3 Bxc3+ 8.Nxc3 d5
9.exd5 Nxd5 10.Nxd5 exd5 11.Bd3 Ne5 12.Qe2 Qe7 13.Bb5+ Bd7 14.O-O O-O-O 15.Be3 d4
16.Bf4 Bxb5 17.Qxb5 f6 18.Rad1 Qc7 19.Bg3 Kb8 20.Qa4 Qb6 21.Rfe1 Rhe8 22.Re4 Qxb2
23.Rexd4 Rc8 24.Rd7 g5 25.Rxh7 Qxc2 26.Qxc2 Rxc2 27.h3 Ka8 28.Bxe5 fxe5 29.Re7 Rf8
30.Rxe5 Rcxf2 31.Rxg5 Ra2 32.Rd3 a6 33.h4 Rf4 34.h5 Rh4 35.Rh3 Rxh3 36.gxh3 Rxa3
37.Kg2 Ra2+ 38.Kg3 Ra3+ 39.Kh4 Rd3 40.h6 Rd7 41.Rg7 Rd6 42.h7 Rh6+ 43.Kg4 Ka7
44.h4 a5 45.Kg5 Rxh7 46.Rxh7 a4 47.Rf7  1-0

[Event "St.Petersburg Rapid 2016"]
[Site "St Petersburg RUS"]
[Date "2016.08.28"]
[Round "6.1"]
[White "Malakhov,V"]
[Black "Yudin,S"]
[Result "1-0"]
[WhiteElo "2697"]
[BlackElo "2539"]

1.Nf3 e6 2.c4 d5 3.e3 c6 4.b3 f5 5.Bb2 Nf6 6.Qc1 Bd6 7.Ba3 O-O 8.Bxd6 Qxd6
9.d4 Nbd7 10.Qa3 c5 11.Be2 b6 12.O-O Bb7 13.Nc3 dxc4 14.bxc4 Ng4 15.g3 e5
16.d5 Qh6 17.h4 e4 18.Ng5 Nde5 19.Bxg4 Nxg4 20.Ne2 Qf6 21.Ne6 Rf7 22.N2f4 Ne5
23.Rac1 g6 24.Kg2 h6 25.Rh1 Bc8 26.Qc3 Ba6 27.Qb3 Bc8 28.a4 Nf3 29.a5 g5
30.hxg5 hxg5 31.Nh5 Qe7 32.Qb2 Bxe6 33.Nf4 Nh4+ 34.Rxh4 gxh4 35.Nxe6 hxg3
36.Rh1 Qf6 37.Qxf6 Rxf6 38.Kxg3 f4+ 39.Nxf4 Raf8 40.f3 Re8 41.Rc1 Re7 42.fxe4 Rxe4
43.Kf3 Re7 44.Ra1 Kh7 45.axb6 axb6 46.Ra8 Kh6 47.e4 Ref7 48.Rh8+ Kg7 49.Rh4 Re7
50.Ke3 Rh6 51.Rxh6 Kxh6 52.d6 Ra7 53.e5 Kg7 54.Nd5 Kf7 55.Nc7  1-0

[Event "St.Petersburg Rapid 2016"]
[Site "St Petersburg RUS"]
[Date "2016.08.28"]
[Round "9.2"]
[White "Malakhov,V"]
[Black "Huzman,A"]
[Result "1/2-1/2"]
[WhiteElo "2697"]
[BlackElo "2577"]

1.Nf3 Nf6 2.c4 e6 3.e3 d5 4.b3 c5 5.Bb2 Nc6 6.cxd5 exd5 7.Bb5 Be7 8.O-O O-O
9.d4 Bg4 10.dxc5 Ne4 11.Nbd2 Nxc5 12.Bxc6 bxc6 13.Qc2 Rc8 14.Ne5 Bd7 15.Rac1 Be8
16.Ba3 Ne6 17.Bxe7 Qxe7 18.Ndf3 c5 19.Qc3 f6 20.Nd3 Bh5 21.Rfe1 Bxf3 22.gxf3 c4
23.Nf4 Nxf4 24.exf4 Qc5 25.bxc4 Qxc4 26.Qd2 Qb5 27.Re7 Rxc1+ 28.Qxc1 Qd3
29.Rxa7 Qxf3 30.Qe3 Qxe3 31.fxe3 Rb8 32.a4 Rb3 33.Kf2 Rb2+ 34.Kg3 Re2 35.Ra8+ Kf7
36.Ra7+ Kf8 37.Ra8+ Kf7 38.Ra7+  1/2-1/2

[Event "St.Petersburg Rapid 2016"]
[Site "St Petersburg RUS"]
[Date "2016.08.28"]
[Round "10.3"]
[White "Rozum,I"]
[Black "Malakhov,V"]
[Result "1/2-1/2"]
[WhiteElo "2585"]
[BlackElo "2697"]

1.Nf3 d5 2.g3 Bg4 3.Bg2 Nd7 4.c4 e6 5.O-O c6 6.cxd5 exd5 7.d3 Ngf6 8.h3 Bxf3
9.Bxf3 Be7 10.Qc2 O-O 11.Bg2 d4 12.Nd2 Re8 13.Nb3 Nf8 14.Bd2 Qd7 15.Rfe1 Rac8
16.Nc5 Bxc5 17.Qxc5 b6 18.Qc4 c5 19.Rac1 a5 20.a3 Ne6 21.Qa2 h6 22.Rc2 Red8
23.Rec1 Nd5 24.Qb1 Nec7 25.Qa2 Ne6 26.Qb1 Nec7 27.Be1 a4 28.Qa2 Ra8 29.Qc4 Ra7
30.Rb1 Ne6 31.Bd2 Nec7 32.Rcc1 Re8 33.Re1 Rd8 34.Rec1 Re8  1/2-1/2

[Event "St.Petersburg Rapid 2016"]
[Site "St Petersburg RUS"]
[Date "2016.08.28"]
[Round "11.3"]
[White "Malakhov,V"]
[Black "Dubov,Daniil"]
[Result "1-0"]
[WhiteElo "2697"]
[BlackElo "2648"]

1.Nf3 d5 2.e3 Nf6 3.c4 c5 4.cxd5 Nxd5 5.Nc3 g6 6.Bb5+ Bd7 7.Be2 Nxc3 8.bxc3 Bg7
9.O-O O-O 10.d4 Nc6 11.Rb1 Na5 12.Ba3 cxd4 13.cxd4 Be6 14.Qa4 Bxa2 15.Bxe7 Qxe7
16.Qxa2 Nc6 17.Bc4 a5 18.Rb5 Nb4 19.Qb3 Rfc8 20.h4 Bf6 21.Ra1 Qc7 22.Rc5 Qxc5
23.dxc5 Bxa1 24.Bxf7+ Kh8 25.Ng5 Rxc5 26.Qe6 Nd3 27.Qe7 Rc1+ 28.Kh2 Rc7 29.Qa3 Be5+
30.f4 Nxf4 31.exf4 Bxf4+ 32.g3 Be5 33.Qe3 Bg7 34.Bd5 Rf8 35.Ne6 Rc3 36.Qb6 Rc2+
37.Kh3 Rff2 38.Qd8+ Bf8 39.Nxf8 h5 40.Nd7+ Kg7 41.Qg8+  1-0

[Event "25th TCh-CRO Div 1a 2016"]
[Site "Sibenik CRO"]
[Date "2016.10.08"]
[Round "1.4"]
[White "Hracek,Z"]
[Black "Malakhov,V"]
[Result "1/2-1/2"]
[WhiteElo "2594"]
[BlackElo "2693"]

1.e4 e5 2.Nf3 Nc6 3.d4 exd4 4.Nxd4 Bc5 5.Nb3 Bb6 6.Nc3 Nf6 7.Qe2 d6 8.Be3 Be6
9.O-O-O O-O 10.f3 Nd7 11.Kb1 Bxe3 12.Qxe3 a6 13.h4 b5 14.g4 Nb6 15.g5 b4
16.Ne2 a5 17.Nf4 Qe7 18.Bb5 Na7 19.Be2 a4 20.Nc1 c5 21.Rhg1 Bc4 22.Bxc4 Nxc4
23.Qe2 Nb6 24.Nd5 Nxd5 25.Rxd5 Nc6 26.Rgd1 a3 27.b3 Rad8 28.Qd3 Ne5 29.Qe3 f5
30.exf5 Rxf5 31.Qe4 Rff8 32.Nd3 Rde8 33.Nxe5 dxe5 34.Qc4 Qe6 35.Rxc5 Qxc4
36.Rxc4 Rxf3 37.Rxb4 e4 38.Kc1 e3 39.Re1 Rc8 40.Rc4 Rxc4 41.bxc4 Kf7 42.Kd1 Rh3
43.Ke2 Rxh4 44.Kd3 Rg4 45.Rxe3 Rxg5 46.Kd4 Rg2 47.Rxa3 Rxc2 48.Rh3 Rxa2  1/2-1/2

[Event "25th TCh-CRO Div 1a 2016"]
[Site "Sibenik CRO"]
[Date "2016.10.09"]
[Round "2.3"]
[White "Malakhov,V"]
[Black "Ruck,R1"]
[Result "1-0"]
[WhiteElo "2693"]
[BlackElo "2566"]

1.Nf3 Nf6 2.e3 c5 3.d4 cxd4 4.exd4 d5 5.Bf4 Nc6 6.c3 Bg4 7.Nbd2 e6 8.Qb3 Qc8
9.Bd3 Be7 10.O-O Bh5 11.Ne5 Nxe5 12.Bxe5 O-O 13.Bxf6 Bxf6 14.f4 Rd8 15.Qc2 Bg6
16.f5 exf5 17.Nb3 Re8 18.Bxf5 Qc7 19.Rae1 Re7 20.Bxg6 hxg6 21.Qf2 Rxe1 22.Rxe1 Rd8
23.Nc1 Be7 24.Nd3 Bd6 25.Qh4 Qd7 26.Qg5 Re8 27.g3 Rxe1+ 28.Nxe1 Qe6 29.Kf2 Be7
30.Qf4 Bd6 31.Qg5 Be7 32.Qe3 Kf8 33.a3 Qf5+ 34.Qf3 Bd6 35.Qxf5 gxf5 36.Ng2 g5
37.Ne3 f4 38.Nxd5 fxg3+ 39.hxg3 f5 40.c4 Kf7 41.c5 Bb8 42.b4 Ke6 43.Nc3 b6
44.d5+ Ke5 45.d6 bxc5 46.bxc5 a6 47.Ke3 f4+ 48.gxf4+ gxf4+ 49.Kf3 Kd4 50.Ne4 Ke5
51.a4 a5 52.Nd2 Kd5 53.Nb3 Kc4 54.Kxf4 Kxb3 55.Ke5 Kxa4 56.c6  1-0

[Event "25th TCh-CRO Div 1a 2016"]
[Site "Sibenik CRO"]
[Date "2016.10.10"]
[Round "3.3"]
[White "Dreev,A"]
[Black "Malakhov,V"]
[Result "1/2-1/2"]
[WhiteElo "2660"]
[BlackElo "2693"]

1.d4 d5 2.c4 c6 3.Nf3 Nf6 4.e3 Bf5 5.Nc3 e6 6.Nh4 Be4 7.f3 Bg6 8.Qb3 Qb6
9.Nxg6 hxg6 10.Bd2 Nbd7 11.O-O-O Qxb3 12.axb3 Bd6 13.h3 Nh5 14.Bd3 Ng3 15.Rhe1 Nf5
16.Ne2 Nh4 17.Rg1 a6 18.Kc2 c5 19.Kb1 O-O-O 20.cxd5 exd5 21.Nc3 Nb6 22.dxc5 Bxc5
23.Na4 Nxa4 24.bxa4 Kb8 25.Rde1 Rhe8 26.Re2 Nf5 27.Bxf5 gxf5 28.Rc1 Bb6 29.Ree1 Re6
30.Kc2 Rde8 31.Kd3 Rg6 32.g4 fxg4 33.hxg4 Rf6 34.Rf1 Rfe6 35.Rfe1 Rf6 36.Rf1 Rfe6
37.Rfe1  1/2-1/2

[Event "25th TCh-CRO Div 1a 2016"]
[Site "Sibenik CRO"]
[Date "2016.10.11"]
[Round "4.4"]
[White "Malakhov,V"]
[Black "Georgiev,Ki"]
[Result "1-0"]
[WhiteElo "2693"]
[BlackElo "2613"]

1.e4 e5 2.Nf3 Nc6 3.Bc4 Bc5 4.O-O Nf6 5.d3 O-O 6.Nbd2 d6 7.c3 a6 8.a4 Ba7
9.h3 Be6 10.Re1 h6 11.a5 Re8 12.Bxe6 Rxe6 13.Nf1 d5 14.Qb3 Rb8 15.Ng3 Qd7
16.Be3 Bxe3 17.Rxe3 dxe4 18.Nxe4 Nxe4 19.dxe4 Rd6 20.Ree1 g6 21.Red1 Rd8
22.Rxd6 cxd6 23.Qb6 Qe7 24.Rd1 Rd7 25.b4 Qd8 26.Qe3 d5 27.exd5 Rxd5 28.Rxd5 Qxd5
29.Qxh6 e4 30.Qd2 Ne7 31.Nd4 Nc8 32.Qf4 Nd6 33.Qf6 Nc4 34.Qf4 Ne5 35.Qg5 Qd6
36.h4 f6 37.Qe3 Qd5 38.f3 exf3 39.gxf3 Qd7 40.Kg2 Kg7 41.f4 Qd5+ 42.Kg3 Nc6
43.Qe6 Qh1 44.Qd7+ Kh6 45.Nf3 Qc1 46.Qc8  1-0

[Event "25th TCh-CRO Div 1a 2016"]
[Site "Sibenik CRO"]
[Date "2016.10.12"]
[Round "5.2"]
[White "Zajic,Milan"]
[Black "Malakhov,V"]
[Result "1/2-1/2"]
[WhiteElo "2486"]
[BlackElo "2693"]

1.e4 e5 2.Nf3 Nc6 3.Bb5 Nf6 4.d3 Bc5 5.Bxc6 dxc6 6.Nbd2 O-O 7.Nc4 Nd7 8.Be3 Bd6
9.O-O Re8 10.d4 exd4 11.Nxd6 cxd6 12.Qxd4 Ne5 13.Nxe5 dxe5 14.Qxd8 Rxd8 15.Rfd1 Be6
16.a4 b6 17.f3 h6 18.a5 Rxd1+ 19.Rxd1 bxa5 20.Ra1 Rb8 21.b3 Rb5 22.Ra3 c5
23.c4 Rb7 24.Bxc5 a4 25.Rxa4 Rxb3 26.Bd6 f6 27.c5 Rb7 28.c6  1/2-1/2

[Event "25th TCh-CRO Div 1a 2016"]
[Site "Sibenik CRO"]
[Date "2016.10.13"]
[Round "6.5"]
[White "Malakhov,V"]
[Black "Martinovic,Sa"]
[Result "1-0"]
[WhiteElo "2693"]
[BlackElo "2563"]

1.Nf3 Nf6 2.e3 g6 3.d4 Bg7 4.Be2 O-O 5.O-O d5 6.b4 Bg4 7.Nbd2 Nbd7 8.c4 c6
9.Bb2 e6 10.h3 Bxf3 11.Bxf3 Re8 12.Qb3 a6 13.a4 h5 14.Rfc1 b5 15.cxb5 cxb5
16.Rc6 Nb8 17.Rc2 Nbd7 18.a5 Qe7 19.Rac1 Bf8 20.Ba3 Red8 21.Qa2 Bh6 22.Re1 Qf8
23.Nb3 g5 24.g3 g4 25.hxg4 hxg4 26.Bg2 Bg5 27.Nc5 Qh6 28.Bb2 Ra7 29.Qb3 Ne8
30.e4 Nxc5 31.Rxc5 dxe4 32.Rxe4 Nf6 33.Ree5 Bd2 34.d5 Nd7 35.Re4 Nxc5 36.Rxg4+ Kf8
37.bxc5 f5 38.Rh4  1-0

[Event "25th TCh-CRO Div 1a 2016"]
[Site "Sibenik CRO"]
[Date "2016.10.14"]
[Round "7.1"]
[White "Predojevic,B"]
[Black "Malakhov,V"]
[Result "1/2-1/2"]
[WhiteElo "2640"]
[BlackElo "2693"]

1.e4 e5 2.Nf3 Nc6 3.Bb5 Nf6 4.O-O Nxe4 5.Re1 Nd6 6.Nxe5 Be7 7.Bf1 Nf5 8.Nf3 O-O
9.d4 d5 10.c3 Bd6 11.Bd3 Re8 12.Nbd2 Rxe1+ 13.Nxe1 Be6 14.Ndf3 h6 15.g3 Qd7
16.Ng2 Re8 17.Bf4 Bf8 18.Qc2  1/2-1/2

[Event "25th TCh-CRO Div 1a 2016"]
[Site "Sibenik CRO"]
[Date "2016.10.15"]
[Round "8.5"]
[White "Sprenger,J"]
[Black "Malakhov,V"]
[Result "1/2-1/2"]
[WhiteElo "2513"]
[BlackElo "2693"]

1.e4 g6 2.d4 Bg7 3.Nf3 d6 4.Bc4 a6 5.O-O e6 6.a4 b6 7.Re1 Ne7 8.Bf4 Bb7 9.Nbd2 Nd7
10.c3 O-O 11.h3 h6 12.Bh2 d5 13.exd5 Nxd5 14.Ne4 N5f6 15.Nxf6+ Nxf6 16.Ne5 Kh7
17.Qe2 Nd7 18.Nd3 Qg5 19.Qg4 Qxg4 20.hxg4 Rac8 21.a5 b5 22.Ba2 Rfe8 23.b4 Bd5
24.Bxd5 exd5 25.Rac1 c6 26.Bd6 g5 27.f3 Kg6 28.Be7 f6 29.Bd6 Kf7 30.Kf1 Rxe1+
31.Rxe1 Re8 32.Rxe8 Kxe8 33.Nf2 Bf8 34.Bxf8 Nxf8 35.Nd1 Ng6 36.Ne3 Ne7 37.Nc2 Nc8
38.Ne1 Nd6 39.Nd3 Nb7 40.Ke2 Kf7 41.Ke3  1/2-1/2

[Event "25th TCh-CRO Div 1a 2016"]
[Site "Sibenik CRO"]
[Date "2016.10.16"]
[Round "9.2"]
[White "Malakhov,V"]
[Black "Pikula,D"]
[Result "1-0"]
[WhiteElo "2693"]
[BlackElo "2434"]

1.Nf3 Nf6 2.c4 b6 3.g3 Bb7 4.Bg2 g6 5.O-O Bg7 6.Nc3 e6 7.d4 Ne4 8.Bd2 Nxd2
9.Qxd2 O-O 10.e4 d6 11.Rad1 Nd7 12.d5 Re8 13.Nd4 a5 14.f4 Nc5 15.f5 exf5
16.exf5 Qe7 17.Ncb5 Bxd4+ 18.Qxd4 Ba6 19.f6 Qe3+ 20.Qxe3 Rxe3 21.Nxc7 Rc8
22.Rfe1 Rxe1+ 23.Rxe1 Bxc4 24.Ne8 Bxa2 25.Nxd6 Rf8 26.Re7 Bb3 27.Nb7 Nxb7
28.Rxb7 Rd8 29.Rxb6 a4 30.d6 h5 31.Kf2 Kh7 32.h4 Kh6 33.Be4 g5 34.Ke3 gxh4
35.gxh4 Be6 36.Kf4 Rc8 37.Bc6  1-0

[Event "2nd Bundesliga Sud 2016-17"]
[Site "Germany GER"]
[Date "2016.11.20"]
[Round "2.2"]
[White "Malakhov,V"]
[Black "Leko,P"]
[Result "1/2-1/2"]
[WhiteElo "2693"]
[BlackElo "2709"]

1.Nf3 Nf6 2.g3 d5 3.Bg2 e6 4.d4 Be7 5.c4 O-O 6.Nc3 dxc4 7.Ne5 c5 8.dxc5 Qxd1+
9.Nxd1 Bxc5 10.O-O Nc6 11.Bxc6 bxc6 12.Be3 Bb6 13.Nxc4 Ba6 14.Rc1 Nd5 15.Re1 Rfd8
16.b3 Rac8 17.Bd2 c5 18.Ndb2 Nb4 19.Bxb4 cxb4 20.Nxb6 axb6 21.Rxc8 Rxc8 22.Nd3 Bxd3
23.exd3 Rc2 24.Re4 Rxa2 25.Rxb4 Ra6 26.Kg2 Kf8 27.h4 Ke7 28.Kf3 Kd6 29.h5 Ra5
30.h6 gxh6 31.Rxb6+ Ke7 32.Rb4 Kf6 33.Ke3 Ra2 34.Rb7 h5 35.b4 Rb2 36.b5 Rb4
37.f4 Kg6 38.b6 f6 39.Rb8 Kf5 40.b7 h6 41.Kd2 Rb6 42.Kc3 Rb1 43.d4 Rb6 44.Kc4 Rb1
45.Kc5 Rb2 46.Kc6 Rc2+ 47.Kd6 Rb2 48.Ke7 Rb1 49.Kf8 Rb3 50.Kf7 Rb1 51.Kg7 Rb2
52.Kxh6 Rb1 53.Kg7 Rb2 54.Kf7 Rb3 55.Ke7 Rb2 56.Kd6 Rb1 57.Rh8 Rxb7 58.Rxh5+ Kg6
59.g4 Rb4 60.Kc5 Ra4 61.Rh1 Ra5+ 62.Kc6 Ra4 63.Rd1 Ra5 64.Rb1 Ra4 65.Kc5 Ra2
66.Rb6 Rc2+ 67.Kd6 Rc4 68.Kxe6 Rxd4 69.f5+ Kg5 70.Kf7 Rd7+ 71.Ke6 Ra7 72.Rd6 Ra4
73.Ke7 Ra7+ 74.Ke6 Ra4 75.Kf7  1/2-1/2

[Event "World Blitz 2016"]
[Site "Doha QAT"]
[Date "2016.12.29"]
[Round "1.30"]
[White "Mchedlishvili,M"]
[Black "Malakhov,V"]
[Result "1/2-1/2"]
[WhiteElo "2601"]
[BlackElo "2713"]

1.c4 g6 2.d4 Bg7 3.e4 c5 4.d5 d6 5.Nc3 e6 6.Bd3 Ne7 7.Nf3 O-O 8.O-O exd5
9.exd5 Bf5 10.Re1 Bxd3 11.Qxd3 Nd7 12.Bf4 Nf6 13.h3 a6 14.Re2 Qd7 15.Rae1 Rae8
16.b3 h5 17.Qd2 Nf5 18.Rxe8 Rxe8 19.Rxe8+ Qxe8 20.Qe2 Qxe2 21.Nxe2 Ne4 22.Nd2 Nxd2
23.Bxd2 Kf8 24.Kf1 Ke7 25.g4 hxg4 26.hxg4 Nd4 27.Nxd4 Bxd4 28.Ke2 Kd7 29.f3 Bg7  1/2-1/2

[Event "World Blitz 2016"]
[Site "Doha QAT"]
[Date "2016.12.29"]
[Round "2.27"]
[White "Malakhov,V"]
[Black "Potapov,P"]
[Result "1/2-1/2"]
[WhiteElo "2713"]
[BlackElo "2493"]

1.e4 d5 2.exd5 Qxd5 3.Nf3 Nf6 4.Be2 g6 5.O-O Bg7 6.d4 O-O 7.c4 Qd8 8.Nc3 c6
9.h3 Bf5 10.Be3 Na6 11.Qb3 Qc8 12.Rac1 Nc7 13.Rfd1 Ne4 14.Nxe4 Bxe4 15.d5 Rd8
16.Bg5 Rd7 17.Nd2 cxd5 18.cxd5 Bxd5 19.Nc4 Qd8 20.Qb4 Na6 21.Qa3 Rc8 22.Ne3 Rxc1
23.Rxc1 Be6 24.Bxa6 bxa6 25.Qxa6 Rc7 26.Rd1 Rd7 27.Rc1 Rc7 28.Rd1 Rd7 29.Rc1  1/2-1/2

[Event "World Blitz 2016"]
[Site "Doha QAT"]
[Date "2016.12.29"]
[Round "3.30"]
[White "Svane,R"]
[Black "Malakhov,V"]
[Result "1-0"]
[WhiteElo "2555"]
[BlackElo "2713"]

1.Nf3 g6 2.d4 Bg7 3.c4 d6 4.Nc3 Bg4 5.e3 Nd7 6.h3 Bxf3 7.Qxf3 c6 8.Qd1 Ngf6
9.Be2 O-O 10.O-O Qc7 11.e4 e5 12.d5 Nc5 13.Bf3 a5 14.Be3 Nfd7 15.Qd2 f5 16.dxc6 bxc6
17.Rad1 f4 18.Bxc5 Nxc5 19.Qxd6 Qxd6 20.Rxd6 Rfc8 21.Bg4 Rc7 22.Rfd1 Bf8
23.R6d2 h5 24.Be2 Be7 25.b3 Kf8 26.g3 Ne6 27.Kg2 Bc5 28.Na4 Bd4 29.c5 fxg3
30.fxg3 Kg7 31.h4 Kh6 32.Bc4 Nxc5 33.Rxd4 Nxa4 34.Rd6 Nc3 35.Rf1 Nxe4 36.Re6 a4
37.Bd3 Nc5 38.Rxg6+ Kh7 39.Rxc6+ Nxd3 40.Rxc7+ Kg6 41.Rc6+ Kg7 42.Rff6 axb3
43.axb3 Ra2+ 44.Kf3 Rf2+ 45.Ke3 Rxf6 46.Rxf6 Nc5 47.Rf5 Nxb3 48.Rxe5 Kg6
49.Rd5 Nc1 50.Rb5 Na2 51.Kd3 Nc1+ 52.Kd2 Na2 53.Kc2  1-0

[Event "World Blitz 2016"]
[Site "Doha QAT"]
[Date "2016.12.29"]
[Round "4.35"]
[White "Malakhov,V"]
[Black "Venkatesh,M"]
[Result "1-0"]
[WhiteElo "2713"]
[BlackElo "2439"]

1.Nf3 d5 2.g3 Nc6 3.d4 Bf5 4.Bg2 e6 5.c3 Nf6 6.O-O h6 7.b3 Be7 8.Bb2 O-O
9.c4 Ne4 10.Nbd2 a5 11.a3 Bf6 12.e3 Qe7 13.Qe2 Rfd8 14.Rfd1 Bh7 15.Rac1 a4
16.b4 Na7 17.Ne5 Nxd2 18.Rxd2 c6 19.Ng4 Nc8 20.cxd5 exd5 21.b5 Na7 22.bxc6 bxc6
23.Bc3 Nb5 24.Bb4 Qe6 25.Bh3 Bf5 26.Nxf6+ Qxf6 27.Bxf5 Qxf5 28.Rxc6 Rab8
29.Kg2 Rd7 30.Rdc2 Kh7 31.R2c5 Nd6 32.Qf3 Qxf3+ 33.Kxf3 Nc4 34.Rc7 Rxc7 35.Rxc7 Kg6
36.Rd7 Rb5 37.Ra7 Nb2 38.Ke2 Kf6 39.g4 g6 40.Bf8 h5 41.h3 hxg4 42.hxg4 Kg5
43.f3 f6 44.Ra6 Rb3 45.Be7 Kh4 46.Bxf6+ Kg3 47.Be5+ Kg2 48.Rxg6 Nc4 49.Bf4 Rxa3
50.Ra6 Ra2+ 51.Kd3 a3 52.g5 Rb2 53.g6 Rb3+ 54.Kc2 Rb2+ 55.Kc3 Rb7 56.Bh6 Kxf3
57.g7 Rb8 58.Kc2 Ke4 59.Rf6 Rg8  1-0

[Event "World Blitz 2016"]
[Site "Doha QAT"]
[Date "2016.12.29"]
[Round "5.27"]
[White "Hirneise,T"]
[Black "Malakhov,V"]
[Result "1/2-1/2"]
[WhiteElo "2466"]
[BlackElo "2713"]

1.e4 g6 2.d4 Bg7 3.Nc3 d6 4.g3 Nc6 5.Be3 e5 6.dxe5 Nxe5 7.h3 Nf6 8.Qd2 O-O
9.O-O-O Re8 10.f4 Nc6 11.Bg2 Bd7 12.Nge2 Rb8 13.g4 Be6 14.Ng3 Nd7 15.e5 Nb6
16.b3 dxe5 17.Qf2 Nd4 18.f5 Bd7 19.Nce4 Qe7 20.Kb1 Qa3 21.Bc1 Qa5 22.Bd2 Qa3
23.Bc1 Qa5 24.Bd2 Qa3  1/2-1/2

[Event "World Blitz 2016"]
[Site "Doha QAT"]
[Date "2016.12.29"]
[Round "6.27"]
[White "Malakhov,V"]
[Black "Quparadze,G"]
[Result "1-0"]
[WhiteElo "2713"]
[BlackElo "2481"]

1.Nf3 c5 2.c4 Nc6 3.Nc3 Nf6 4.e3 e6 5.d4 d5 6.cxd5 exd5 7.Bb5 Bd6 8.O-O O-O
9.dxc5 Bxc5 10.b3 Bg4 11.Bb2 a6 12.Bxc6 bxc6 13.Ne2 Bd6 14.Ng3 Rc8 15.Rc1 Re8
16.Qd3 a5 17.Nd4 Bxg3 18.hxg3 c5 19.Nf3 Ne4 20.Nd2 Bf5 21.Nxe4 Bxe4 22.Qc3 Qg5
23.Qxa5 h5 24.Rxc5 Ra8 25.Qc7 Rxa2 26.Bd4 h4 27.Qf4 Qxf4 28.gxf4 Re6 29.f3 Bd3
30.Rf2 Ra3 31.Rc3 Bf5 32.Kh2 Re8 33.Rb2 Rb8 34.b4 Rxc3 35.Bxc3 Bd7 36.Bd4 Ra8
37.b5 Rb8 38.b6 Bc6 39.Kh3 Rc8 40.Kxh4 f6 41.Ra2 Ra8 42.Ra7 Rxa7 43.bxa7 Kf7
44.f5 Bb7 45.g4 Bc6 46.f4 Bb7 47.g5 Bc6 48.g6+ Ke7 49.Bc5+ Ke8 50.Kg3 Ba8
51.Kf2 Bb7 52.Ke1 Ba8 53.Kd2 d4 54.Bxd4 Be4 55.Kc3 Ke7 56.Bc5+ Kd7 57.Kd4 Bc6
58.Bf8  1-0

[Event "World Blitz 2016"]
[Site "Doha QAT"]
[Date "2016.12.29"]
[Round "7.23"]
[White "Debashis,D"]
[Black "Malakhov,V"]
[Result "0-1"]
[WhiteElo "2472"]
[BlackElo "2713"]

1.d4 g6 2.c4 Bg7 3.Nf3 c5 4.d5 d6 5.e4 Bg4 6.Be2 Nd7 7.O-O Ngf6 8.Nc3 O-O
9.h3 Bxf3 10.Bxf3 a6 11.a4 Ne8 12.Be2 Bd4 13.Ra3 Ng7 14.Kh1 e5 15.dxe6 fxe6
16.f4 Nf6 17.Bf3 e5 18.Ne2 Nfh5 19.f5 Qh4 20.Bxh5 Nxh5 21.g4 Nf6 22.Ng3 Qxh3+  0-1